| 000 | 01212nam a22003617a 4500 | ||
|---|---|---|---|
| 003 | CHAP | ||
| 005 | 20220329140930.0 | ||
| 008 | 971013s1992 mx a r 00010 spa d | ||
| 010 | _a59970 | ||
| 011 | _a60942 | ||
| 020 | _a9683627226 | ||
| 035 | _a65106 | ||
| 040 | _cCHAP | ||
| 090 | _aFolleto 14649 | ||
| 100 | 0 | 0 |
_aCampos Villanueva, Alvaro. _918148 |
| 245 | 1 | 0 |
_aPlantas y flores de Oaxaca _c/por Alvaro Campos Villanueva |
| 260 |
_aMéxico, D.F. : _bUNAM. Instituto de Biología, _c1992 |
||
| 300 |
_a62 p. : _bilus. |
||
| 490 |
_aCuadernos del Instituto de Biología _v; 18 |
||
| 590 |
_aBATCH-UPD _b10 _c20130110 _lUCH01 _h0401 |
||
| 590 |
_aBATCH-UPD _b10 _c20130410 _lUCH01 _h0035 |
||
| 590 |
_aBATCH-UPD _b10 _c20130914 _lUCH01 _h0717 |
||
| 590 |
_aCONVERSION _b10 _c20130109 _lUCH01 _h1332 |
||
| 650 | 1 | 4 |
_aBosques _zOaxaca. _914420 |
| 650 | 1 | 4 |
_aBotánica _zOaxaca. _914644 |
| 650 | 1 | 4 |
_aFlores _xOaxaca. _941397 |
| 650 | 1 | 4 |
_aSelvas _zOaxaca. _9103831 |
| 830 | 0 |
_aCuadernos del Instituto de Biología _v; 18 _929841 |
|
| 901 | _aBK | ||
| 942 | _cFOLL | ||
| 949 |
_aFolleto 14649 _bBC _cFOLL _d-144136 _eTS1 _i65106 _si |
||
| 949 |
_aFolleto 14649 _bBC _cFOLL _d33724002243769 _eTS2 _fc.2 _gDonaciØn _i65106 _sb |
||
| 999 |
_c59970 _d59970 |
||